00431nam a2200157Ia 4500008004100000020001600041040001900057041001200076082002300088100002400111245004400135260004000179300002100219650002300240850001000263131103s9999 xx 000 0 und d a089784002 X aLoreto College aEnglish aF/MCCbLCLIB/28895 aMcConachie,Kathleen aTo love in IrelandcKathleen McConachie aCaliforniabCarousel Romancesc1978 a158 p. c 17 cm. aFiction in English aLCLIB